000 00282nam a2200109Ia 4500
008 190907s9999||||xx |||||||||||||| ||und||
100 _aChellis, James
245 0 _aMCSE Networking Essentials study Guide
260 _aNew Delhi
_bAddison - Wesley
_c1997
300 _a628
942 _cBK
999 _c6401
_d6401